أهل الكهف في القرآن وكتب المسيحيين / (رقم التسجيلة. 19669)
[ عرض عادي ]
| 000 -الفاتح | |
|---|---|
| عناصر البيانات ثابتة الطول | 00661cam a2200193 i 4500 |
| 005 - تاريخ ووقت آخر معاملة | |
| حقل ضبط | 20260202095327.0 |
| 008 - عناصر البيانات ثابتة الطول | |
| عناصر البيانات ثابتة الطول | 250721s2005 ua gr 000 0 ara d |
| 082 14 - رقم تصنيف ديوي العشري | |
| رقم التصنيف | 211.82 |
| رقم المادة | س ق ا |
| 100 1# - مدخل رئيسي – اسم شخصي | |
| الاسم الشخصي | السقا، أحمد حجازي |
| علاقة الشخص بالعمل/ دوره | مؤلف. |
| 245 10 - بيان العنوان | |
| العنوان | أهل الكهف في القرآن وكتب المسيحيين / |
| بيان المسؤولية | د. أحمد حجازي السقا. |
| 250 ## - بيان الطبعة | |
| بيان الطبعة | الطبعة الأولى. |
| 264 31 - بيانات النشر، التوزيع…إلخ | |
| مكان النشر، التوزيع...إلخ | القاهرة : |
| اسم الناشر، الموزع...إلخ | مكتبة النافذة، |
| تاريخ النشر، التوزيع...إلخ | 2005. |
| 300 ## - الوصف المادي | |
| عدد الوحدات المكونة للوعاء | 154صفحة. |
| 650 17 - مدخل إضافي بالموضوع - مصطلح موضوعي | |
| مصطلح موضوعي أو اسم جغرافي كعنصر مدخل | الاسلام. |
| 650 17 - مدخل إضافي بالموضوع - مصطلح موضوعي | |
| مصطلح موضوعي أو اسم جغرافي كعنصر مدخل | قصص القرآن. |
| 653 ## - رأس موضوع – غير مقيد | |
| المصطلح / رأس الموضوع غير المقيد | أهل الكهف. |
| 942 ## - بيانات إضافية (كوها) | |
| نوع التنصيف | Dewey Decimal Classification |
| نوع المادة (كوها) | كتب |
| حالة السحب | حالة الفقدان | مصدر التصنيف | حالة التلف | غير قابل للإعارة | المكتبة الرئيسية | المكتبة الحالية | موقع الرف | تاريخ التزويد | الرقم المتسلسل | Total Checkouts | رقم الإستدعاء | الباركود | تاريخ آخر ظهور | تاريخ الفاتورة | نوع المادة (كوها) |
|---|---|---|---|---|---|---|---|---|---|---|---|---|---|---|---|
| Dewey Decimal Classification | المكتبة المركزية | المكتبة المركزية | الإعارة | 28/07/2025 | 1507673 | 211.82 / س ق ا | PLD00237373 | 28/07/2025 | 28/07/2025 | كتب | |||||
| Dewey Decimal Classification | مكتبة أبو علندا العامة | مكتبة أبو علندا العامة | الإعارة | 22/01/2012 | 1507674 | 211.82/سقا | PLD00237382 | 28/07/2025 | 22/01/2012 | كتب | |||||
| Dewey Decimal Classification | مكتبة وادي السير العامة | مكتبة وادي السير العامة | الإعارة | 22/01/2012 | 1507675 | 211.82/سقا | PLD00237383 | 28/07/2025 | 22/01/2012 | كتب |